[Event "29. Friedensfest-Open (AFRO-A)"]
[Site "Augsburg"]
[Date "2024.08.08"]
[Round "2.11"]
[White "Mayer, Arnd"]
[Black "Reis, Thomas"]
[Result "0-1"]
[WhiteElo "1952"]
[BlackElo "2195"]
[EventDate "2024.08.08"]
[Time "15:30:00"]
[WhiteNrv "1952"]
[BlackNrv "2195"]
[WhiteTwz "1952"]
[BlackTwz "2195"]
[WhiteFideId "4644573"]
[BlackFideId "4678699"]
[WhiteNatFedId "10138775"]
[BlackNatFedId "10174084"]
[WhiteAttr "*"]
[BlackAttr "M"]
[WhiteTeam "SV Jedesheim 1921"]
[BlackTeam "SK Kriegshaber"]
[PlyCount "0"]

1.d4 d5 2.Nf3 Nf6 3.Bf4 e6 4.Nbd2 Bd6 5.Ne5 O-O 6.e3 b6 7.Bd3 c5 8.c3 Ba6 
9.Bc2 Qc7 10.g4 Nfd7 11.Ndf3 Nc6 12.Qb1 Ncxe5 13.dxe5 Nxe5 14.Bxe5 Bxe5 
15.Bxh7+ Kh8 16.Bd3 Bb7 17.Ke2 Bd6 18.Qf1 g6 19.h4 Qe7 20.g5 Kg7 21.Qb1 f5
22.gxf6+ Qxf6 23.Rh3 e5 24.e4 c4 25.Bc2 d4 26.Rg3 Qf4 27.h5 d3+ 28.Bxd3 
cxd3+ 29.Qxd3 Qxe4+ 30.Qxe4 Bxe4 31.Ng5 Bf5 32.Rag1 Rf6 33.hxg6 Rxg6 34.
Rf3 Rf8 35.Rfg3 Rff6 36.Rh1 e4 37.Rgg1 Bf4 38.Rh7+ Kg8 39.Rh5 Rd6 40.Nh3 
Bg4+ 0-1

[Event "29. Friedensfest-Open (AFRO-A)"]
[Site "Augsburg"]
[Date "2024.08.08"]
[Round "2.12"]
[White "Hahn, Christoph"]
[Black "Brand, Leonhard"]
[Result "0-1"]
[WhiteElo "2135"]
[BlackElo "1981"]
[EventDate "2024.08.08"]
[Time "15:30:00"]
[WhiteNrv "2135"]
[BlackNrv "1981"]
[WhiteTwz "2135"]
[BlackTwz "1981"]
[WhiteFideId "24609854"]
[BlackFideId "34649646"]
[WhiteNatFedId "10072242"]
[BlackNatFedId "10655780"]
[WhiteAttr "M"]
[BlackAttr "M"]
[WhiteTeam "SK Kriegshaber"]
[BlackTeam "SK Freising"]
[PlyCount "0"]

1.d4 d5 2.Nc3 Nf6 3.Bf4 c5 4.e3 cxd4 5.exd4 a6 6.Nf3 Nc6 7.Be2 Bf5 8.a3 e6
9.O-O Bd6 10.Bxd6 Qxd6 11.Na4 Ne4 12.Nb6 Rd8 13.c4 Nf6 14.c5 Qc7 15.b4 O-O
16.Nh4 Be4 17.f3 Bg6 18.Nxg6 hxg6 19.Qd2 Nh5 20.Rfb1 Qf4 21.Rd1 Qxd2 22.
Rxd2 Nf4 23.Bf1 g5 24.g3 Ng6 25.Rb1 Na7 26.a4 Rfe8 27.Kf2 Re7 28.Bd3 Nf8 
29.b5 a5 30.Re1 Rc7 31.f4 gxf4 32.gxf4 Nc8 33.Na8 Re7 34.b6 Na7 35.Nc7 Nc6
36.Bb5 g6 37.Ke3 Nh7 38.Rb2 Nb4 39.Reb1 Nf6 40.h3 Kg7 41.Rxb4 axb4 42.Rxb4
Rc8 43.a5 Rexc7 44.bxc7 Rxc7 45.Ba4 Nd7 46.Kd3 Kf6 47.a6 bxa6 48.c6 Nf8 
49.Rb7 Rc8 50.Ra7 a5 51.Bb5 e5 52.fxe5+ Kg7 53.Ba6 Rxc6 54.Bb5 Rb6 55.Be8 
Rb3+ 56.Ke2 Ne6 57.Bxf7 Nxd4+ 58.Kd1 Rd3+ 59.Kc1 Nc6 60.Rc7 Nxe5 61.Bxd5+ 
Kf6 62.Rc5 a4 63.Ra5 a3 64.h4 Rc3+ 65.Kd2 Rd3+ 66.Ke2 Rd4 67.Ra6+ Kg7 68.
Bg2 Nc4 69.Bf1 Rxh4 70.Ra4 g5 71.Kf2 Rf4+ 72.Kg1 Nd2 73.Ra7+ Rf7 74.Rxa3 
Rxf1+ 75.Kg2 Rf4 76.Ra6 Ne4 77.Ra3 Kg6 78.Ra5 Nf6 79.Kg3 Rf5 80.Ra8 g4 81.
Ra6 Rf3+ 82.Kg2 Rf5 83.Kg3 Kg5 84.Ra7 Re5 85.Rg7+ Kf5 86.Ra7 Ne4+ 87.Kg2 
Kf4 88.Rf7+ Rf5 89.Ra7 g3 90.Rg7 Rh5 91.Rf7+ Ke3 92.Rf8 Rh2+ 93.Kg1 Rf2 
94.Ra8 Rd2 95.Ra3+ Kf4 96.Ra8 Rc2 97.Ra7 Ng5 98.Ra4+ Kf3 99.Ra3+ Kg4 100.
Ra4+ Kh3 0-1

[Event "29. Friedensfest-Open (AFRO-A)"]
[Site "Augsburg"]
[Date "2024.08.08"]
[Round "2.13"]
[White "Schwab, Matthias"]
[Black "Vranckx, Oscar"]
[Result "1-0"]
[WhiteElo "2105"]
[BlackElo "1937"]
[EventDate "2024.08.08"]
[Time "15:30:00"]
[WhiteNrv "2105"]
[BlackNrv "1937"]
[WhiteTwz "2105"]
[BlackTwz "1937"]
[WhiteFideId "24622397"]
[BlackFideId "34608788"]
[WhiteNatFedId "10203034"]
[BlackNatFedId "10733103"]
[WhiteAttr "M"]
[BlackAttr "M"]
[WhiteTeam "SC Weisse Dame Ulm e.V."]
[BlackTeam "Sfr.Mainz 1928"]
[PlyCount "0"]

1.d4 d5 2.Nf3 Nf6 3.g3 e6 4.Bg2 Be7 5.O-O O-O 6.c4 dxc4 7.Ne5 c5 8.dxc5 
Bxc5 9.Qxd8 Rxd8 10.Nxc4 Nc6 11.Nc3 h6 12.Be3 Bxe3 13.Nxe3 Bd7 14.Rfd1 
Rac8 15.Nc4 Be8 16.Nd6 Rc7 17.Nxe8 Nxe8 18.Rxd8 Nxd8 19.Rd1 Nc6 20.Nb5 Re7
21.Rc1 a6 22.Bxc6 bxc6 23.Nd4 Rd7 24.e3 1-0

[Event "29. Friedensfest-Open (AFRO-A)"]
[Site "Augsburg"]
[Date "2024.08.08"]
[Round "2.14"]
[White "Langner, Robin"]
[Black "Foerch, Benedikt"]
[Result "1/2-1/2"]
[WhiteElo "1968"]
[BlackElo "2102"]
[EventDate "2024.08.08"]
[Time "15:30:00"]
[WhiteNrv "1968"]
[BlackNrv "2102"]
[WhiteTwz "1968"]
[BlackTwz "2102"]
[WhiteFideId "34606190"]
[BlackFideId "16228758"]
[WhiteNatFedId "10724137"]
[BlackNatFedId "10052041"]
[WhiteAttr "M"]
[BlackAttr "M"]
[WhiteTeam "SK Freiburg-Zaehringen 1887 e.V."]
[BlackTeam "SK Neuburg"]
[PlyCount "0"]

1.c4 g6 2.g3 Bg7 3.Bg2 c5 4.Nc3 e6 5.e3 Ne7 6.Nge2 O-O 7.O-O Nbc6 8.Rb1 d5
9.d3 b6 10.a3 dxc4 11.dxc4 Qxd1 12.Rxd1 Ba6 13.Nb5 Rad8 14.Bd2 Rd7 15.Bc3 
Rfd8 16.Rxd7 Rxd7 17.Kf1 Bxc3 18.Nexc3 Na5 19.b3 Nc8 20.Ke2 Kf8 21.Be4 Ke7
22.Bd3 Nb7 23.Rd1 Nbd6 24.Nxd6 Nxd6 25.Ne4 Bb7 26.Nxd6 Rxd6 27.Bc2 Rxd1 
28.Bxd1 a5 29.a4 g5 30.Bc2 h6 31.f4 gxf4 32.gxf4 e5 33.Kf2 Kf6 34.Kg3 Bc6 
35.f5 Bh1 36.e4 1/2-1/2

[Event "29. Friedensfest-Open (AFRO-A)"]
[Site "Augsburg"]
[Date "2024.08.08"]
[Round "2.15"]
[White "Wietschorke, Jens"]
[Black "Kaufmann, Thorsten"]
[Result "0-1"]
[WhiteElo "1915"]
[BlackElo "2057"]
[EventDate "2024.08.08"]
[Time "15:30:00"]
[WhiteNrv "1915"]
[BlackNrv "2057"]
[WhiteTwz "1915"]
[BlackTwz "2057"]
[WhiteFideId "16296176"]
[BlackFideId "24647950"]
[WhiteNatFedId "10242290"]
[BlackNatFedId "10101131"]
[WhiteAttr "M"]
[BlackAttr "M"]
[WhiteTeam "SK Caissa Augsburg"]
[BlackTeam "SK Sontheim/Brenz e.V."]
[PlyCount "0"]

1.e4 e6 2.Nf3 c5 3.d4 cxd4 4.c3 dxc3 5.Nxc3 a6 6.Bc4 d6 7.O-O Nf6 8.Qe2 
Be7 9.Rd1 Nbd7 10.e5 dxe5 11.Nxe5 O-O 12.Be3 Qc7 13.Nf3 b5 14.Bd3 Bb7 15.
Rac1 Qb8 16.Bb1 Ne5 17.Nxe5 Qxe5 18.f4 Qb8 19.g4 b4 20.Na4 Nd5 21.Nb6 Nxb6
22.Bxb6 Bd5 23.Bc7 Qb7 24.Be5 Rac8 25.Rxc8 Rxc8 26.Qd3 g6 27.Bd4 Bf3 28.
Re1 Bxg4 29.Qg3 Qf3 30.Be4 Qxg3+ 31.hxg3 Bc5 32.Bxc5 Rxc5 33.Kf2 Kf8 34.
Ke3 Ke7 35.Kd4 Kd6 36.Re3 f6 37.Bb7 e5+ 38.fxe5+ fxe5+ 39.Kd3 Bf5+ 40.Be4 
Rd5+ 41.Ke2 Rd4 42.Bf3 e4 0-1

[Event "29. Friedensfest-Open (AFRO-A)"]
[Site "Augsburg"]
[Date "2024.08.08"]
[Round "2.16"]
[White "Merkel, Luis"]
[Black "Iberl, Michael"]
[Result "1/2-1/2"]
[WhiteElo "2053"]
[BlackElo "1953"]
[EventDate "2024.08.08"]
[Time "15:30:00"]
[WhiteNrv "2053"]
[BlackNrv "1953"]
[WhiteTwz "2053"]
[BlackTwz "1953"]
[WhiteFideId "12972800"]
[BlackFideId "4644085"]
[WhiteNatFedId "10407203"]
[BlackNatFedId "10091886"]
[WhiteAttr "M"]
[BlackAttr "M"]
[WhiteTeam "SG Buechenbach/Roth e.V."]
[BlackTeam "SF Dachau 1932 e.V."]
[PlyCount "0"]

1.d4 d5 2.c4 c6 3.Nf3 Nf6 4.g3 Bf5 5.Nc3 e6 6.Nh4 Bg6 7.Nxg6 hxg6 8.Qd3 
Bd6 9.Bg2 Nbd7 10.O-O O-O 11.b3 Re8 12.Rd1 Rc8 13.e4 dxe4 14.Nxe4 Nxe4 15.
Qxe4 Be7 16.Qc2 Bf6 17.Bb2 Qa5 18.a3 Qh5 19.b4 Rc7 20.Re1 Rd8 21.Rad1 g5 
22.Qb3 Nb6 23.a4 Nc8 24.Rd3 Rcd7 25.Red1 Ne7 26.b5 g4 27.a5 cxb5 28.cxb5 
Nd5 29.Rc1 g6 30.Rc5 Be7 31.Rc4 Kg7 32.Rd1 Rh8 33.h4 gxh3 34.Bf3 h2+ 35.
Kh1 Qf5 36.Qd3 Qf6 37.Kg2 Qg5 38.Bc1 Qf6 39.Rh1 g5 40.Kf1 Nb4 41.Qe2 Qg6 
42.Ba3 Nd5 43.Bxe7 Nxe7 44.Rc5 Qf6 45.Kg2 Nf5 46.Qe5 Nxd4 47.Qxg5+ Qxg5 
48.Rxg5+ Kf6 49.Rh5 Rxh5 50.Bxh5 Rd5 51.Rxh2 Rxb5 52.Rh4 e5 53.a6 bxa6 54.
Bd1 Nf5 55.Ra4 a5 56.Be2 Rc5 57.Bd3 Nd6 58.Ba6 Ke6 59.Kf3 Kd5 60.Ke2 f5 
61.Bd3 Nb5 62.Bxb5 Rxb5 63.Kd3 Rc5 64.Ra3 Kc6 65.f3 a6 66.g4 fxg4 67.fxg4 
Kd5 68.g5 Ke6 69.Ke4 Rc4+ 70.Kd3 Rd4+ 71.Ke3 a4 72.Rc3 Kf5 73.Rc5 Rg4 74.
Ra5 a3 75.Rxa6 Kxg5 76.Kf2 Rf4+ 77.Ke2 Re4+ 78.Kf2 1/2-1/2

[Event "29. Friedensfest-Open (AFRO-A)"]
[Site "Augsburg"]
[Date "2024.08.08"]
[Round "2.17"]
[White "Hoeller, Armin"]
[Black "Blodig, Vincent"]
[Result "1-0"]
[WhiteElo "1942"]
[BlackElo "2034"]
[EventDate "2024.08.08"]
[Time "15:30:00"]
[WhiteNrv "1942"]
[BlackNrv "2034"]
[WhiteTwz "1942"]
[BlackTwz "2034"]
[WhiteFideId "24651923"]
[BlackFideId "16297857"]
[WhiteNatFedId "10085787"]
[BlackNatFedId "10680650"]
[WhiteAttr "*"]
[BlackAttr "M"]
[WhiteTeam "SK Weilheim e.V."]
[BlackTeam "SF Augsburg"]
[PlyCount "0"]

1.c4 e5 2.Nc3 Bb4 3.Nd5 Bc5 4.b4 Bf8 5.Bb2 c6 6.Ne3 d6 7.Nf3 Be6 8.g3 f5 
9.Qc2 Nd7 10.Nxf5 g6 11.Ne3 Ngf6 12.Ng5 Bg8 13.h4 Qe7 14.Bg2 h6 15.Ne4 Qf7
16.a4 Bh7 17.b5 Rc8 18.Rd1 Be7 19.d4 O-O 20.O-O Nxe4 21.Bxe4 exd4 22.Ng4 
Qe6 23.Rxd4 Nf6 24.Bxg6 Nxg4 25.Bxh7+ Kf7 26.Bf5 1-0

[Event "29. Friedensfest-Open (AFRO-A)"]
[Site "Augsburg"]
[Date "2024.08.08"]
[Round "2.18"]
[White "Wolf, Armin"]
[Black "Fuertler, Oliver"]
[Result "1-0"]
[WhiteElo "2216"]
[BlackElo "1909"]
[EventDate "2024.08.08"]
[Time "15:30:00"]
[WhiteNrv "2216"]
[BlackNrv "1909"]
[WhiteTwz "2216"]
[BlackTwz "1909"]
[WhiteTitle "FM"]
[WhiteFideId "4685954"]
[BlackFideId "1682490"]
[WhiteNatFedId "10245952"]
[WhiteAttr "M"]
[BlackAttr "M"]
[WhiteTeam "SAbt TSV Haunstetten"]
[BlackTeam "?"]
[PlyCount "0"]

1.e4 e5 2.Nf3 Nc6 3.Bc4 Bc5 4.c3 Nf6 5.d3 a6 6.O-O Ba7 7.Re1 d6 8.Bb3 O-O 
9.h3 Ne7 10.Nbd2 Ng6 11.Nf1 Nh5 12.Be3 Nhf4 13.Ng3 Qf6 14.Nh5 Qe7 15.Nxf4 
Nxf4 16.Bxf4 exf4 17.d4 Bd7 18.Qd2 Qf6 19.e5 Qh6 20.exd6 Qxd6 21.Re4 c5 
22.Qxf4 Qxf4 23.Rxf4 cxd4 24.Nxd4 Rae8 25.Rd1 Re7 26.Bd5 Rfe8 27.g4 h6 28.
Kg2 Bb8 29.Rf3 g5 30.c4 Bf4 31.b3 Bc8 32.a4 Kg7 33.a5 Re1 34.Rfd3 Kg6 35.
b4 R8e7 36.b5 Rxd1 37.Rxd1 axb5 38.cxb5 Re5 39.Bc4 Kf6 40.Be2 Rd5 41.Nb3 
Be6 42.Rb1 Rd8 43.Bf3 Rd3 44.Nc5 Ra3 45.Nxb7 Bc7 46.b6 Be5 47.Nc5 Rxa5 48.
Nxe6 Kxe6 49.b7 Bb8 50.Rb6+ Kd7 51.Rxh6 Ba7 52.Rh8 Rb5 53.Ra8 1-0

[Event "29. Friedensfest-Open (AFRO-A)"]
[Site "Augsburg"]
[Date "2024.08.08"]
[Round "2.19"]
[White "Bilchinski, Anton"]
[Black "Hollmann, Thomas"]
[Result "1-0"]
[WhiteElo "2204"]
[BlackElo "1903"]
[EventDate "2024.08.08"]
[Time "15:30:00"]
[WhiteNrv "2204"]
[BlackNrv "1903"]
[WhiteTwz "2204"]
[BlackTwz "1903"]
[WhiteTitle "FM"]
[WhiteFideId "24615765"]
[BlackFideId "12934097"]
[WhiteNatFedId "10254221"]
[BlackNatFedId "10257099"]
[WhiteAttr "M"]
[BlackAttr "M"]
[WhiteTeam "SC Eppingen"]
[BlackTeam "SG Buechenbach/Roth e.V."]
[PlyCount "0"]

1.d4 Nf6 2.c4 e6 3.Nc3 d5 4.cxd5 exd5 5.Bg5 Be7 6.e3 O-O 7.Bd3 c6 8.Qc2 g6
9.Nge2 Re8 10.O-O Nh5 11.Bxe7 Qxe7 12.Rab1 a5 13.Na4 Nd7 14.Rfc1 Ra7 15.
Nc5 b6 16.Nxd7 Bxd7 17.Nc3 Nf6 18.Re1 c5 19.dxc5 bxc5 20.Qd2 Bc6 21.Bb5 
Qd6 22.Bxc6 Qxc6 23.Rbc1 Rd7 24.Ne2 Qb5 25.f3 Qb6 26.b3 d4 27.exd4 cxd4 
28.Nf4 d3+ 29.Kh1 Rxe1+ 30.Rxe1 Qd4 31.g3 Nd5 32.Nxd3 Kg7 33.Qb2 Qxb2 34.
Nxb2 Nc3 35.Nc4 Nxa2 36.Nxa5 Rd5 37.Nc4 Rd3 38.Re3 Rd1+ 39.Kg2 Rb1 40.f4 
Nb4 41.h4 Nd5 42.Rd3 Nf6 43.Kf3 h5 44.Ne5 Kf8 45.Rd8+ Ke7 46.Rb8 Ng4 47.
Nxg4 hxg4+ 48.Kxg4 Rg1 49.b4 f5+ 50.Kh3 Ke6 51.Rb6+ Kf7 52.b5 Rb1 53.Rb8 
Kg7 54.b6 Rh1+ 55.Kg2 Rb1 56.b7 Kh7 57.h5 gxh5 58.Kf2 Kg7 59.Ke3 Rb4 60.
Kd3 Rb3+ 61.Kd4 Rb5 62.Kc4 Rb1 63.Kd5 Rb3 64.Ke5 Rb5+ 65.Ke6 Rb6+ 66.Kxf5 
Rb5+ 67.Ke4 Rb4+ 68.Kd5 Rb1 69.f5 Rd1+ 70.Ke4 Rb1 71.f6+ Kh7 72.f7 Re1+ 
73.Kd3 1-0

[Event "29. Friedensfest-Open (AFRO-A)"]
[Site "Augsburg"]
[Date "2024.08.08"]
[Round "2.20"]
[White "Zill, Christoph"]
[Black "Tarasenko, Oleksii"]
[Result "1-0"]
[WhiteElo "2140"]
[BlackElo "1902"]
[EventDate "2024.08.08"]
[Time "15:30:00"]
[WhiteNrv "2140"]
[BlackNrv "1902"]
[WhiteTwz "2140"]
[BlackTwz "1902"]
[WhiteTitle "FM"]
[WhiteFideId "4688856"]
[BlackFideId "34662316"]
[WhiteNatFedId "10250521"]
[BlackNatFedId "10873809"]
[WhiteAttr "M"]
[BlackAttr "M"]
[WhiteTeam "SK Freising"]
[BlackTeam "SK Ingolstadt"]
[PlyCount "0"]

1.e4 c6 2.d4 d5 3.e5 Bf5 4.h4 h5 5.Bg5 Qb6 6.Bd3 Bxd3 7.Qxd3 Qxb2 8.e6 
Qxa1 9.Qb3 Qxd4 10.Qxb7 Qb6 11.Qc8+ Qd8 12.exf7+ 1-0

[Event "29. Friedensfest-Open (AFRO-A)"]
[Site "Augsburg"]
[Date "2024.08.08"]
[Round "2.21"]
[White "Lichtenstern, Benjamin"]
[Black "Khamenya, Vitalia"]
[Result "1-0"]
[WhiteElo "2070"]
[BlackElo "1901"]
[EventDate "2024.08.08"]
[Time "15:30:00"]
[WhiteNrv "2070"]
[BlackNrv "1901"]
[WhiteTwz "2070"]
[BlackTwz "1901"]
[WhiteFideId "24627020"]
[BlackFideId "12959260"]
[WhiteNatFedId "10128465"]
[BlackNatFedId "10271198"]
[WhiteAttr "M"]
[BlackAttr "W"]
[WhiteTeam "FC Bayern Muenchen e.V."]
[BlackTeam "SK Graefelfing"]
[PlyCount "0"]

1.d4 g6 2.Nf3 Bg7 3.g3 d6 4.Bg2 Nf6 5.O-O O-O 6.c4 Na6 7.Nc3 c5 8.d5 Nc7 
9.Qd3 a6 10.a4 b6 11.h3 Rb8 12.e4 Nd7 13.Re1 Ne5 14.Nxe5 dxe5 15.Kh2 Ne8 
16.f4 exf4 17.Bxf4 e5 18.Be3 Nd6 19.a5 bxa5 20.Na4 Nb7 21.Nxc5 Nxc5 22.
Bxc5 Re8 23.Qa3 Bh6 24.Re2 Bf8 25.Bxf8 Rxf8 26.Qxa5 Qxa5 27.Rxa5 Re8 28.c5
f5 29.c6 Rb4 30.d6 Rd8 31.d7 Bxd7 32.Rd5 Ra4 33.Red2 1-0

[Event "29. Friedensfest-Open (AFRO-A)"]
[Site "Augsburg"]
[Date "2024.08.08"]
[Round "2.22"]
[White "Retzlaff, Kian"]
[Black "Watzenberger, Stefan"]
[Result "0-1"]
[WhiteElo "1890"]
[BlackElo "2051"]
[EventDate "2024.08.08"]
[Time "15:30:00"]
[WhiteNrv "1890"]
[BlackNrv "2051"]
[WhiteTwz "1890"]
[BlackTwz "2051"]
[WhiteFideId "34606700"]
[BlackFideId "12941875"]
[WhiteNatFedId "10742727"]
[BlackNatFedId "10235251"]
[WhiteAttr "M"]
[BlackAttr "M"]
[WhiteTeam "SF 59 Kornwestheim"]
[BlackTeam "SC Sendling e.V."]
[PlyCount "0"]

1.e4 e5 2.Nf3 Nc6 3.Bc4 Bc5 4.d3 Nf6 5.Bg5 h6 6.Bh4 d6 7.c3 g5 8.Bg3 O-O 
9.a4 a5 10.Nbd2 Nh7 11.O-O h5 12.h4 Bg4 13.Qb3 Rb8 14.Rac1 Qf6 15.hxg5 
Nxg5 16.Bh4 Bxf3 17.Bxg5 Qxg5 18.Nxf3 Qf4 19.Qd1 Kg7 20.Qd2 Qxd2 21.Nxd2 
f5 22.Nf3 fxe4 23.Ng5 Nd8 24.Nxe4 Bb6 25.Rcd1 Nf7 26.Ng3 Kh6 27.Nf5+ Kg5 
28.Ng7 Nd8 29.d4 exd4 30.cxd4 Kg6 31.Ne6 Nxe6 32.Bxe6 Rf4 33.d5 Rxa4 34.g3
h4 35.Rd3 Rf8 36.Kg2 Rb4 37.b3 a4 38.bxa4 Rxa4 39.f4 Ra2+ 40.Kh3 hxg3 41.
Rxg3+ Kf6 42.f5 Rh8+ 43.Kg4 Rha8 44.Kh3 Rh8+ 45.Kg4 Bd4 46.Rb3 Bb6 47.Rfb1
Rhh2 48.Rxb6 cxb6 49.Rxb6 Ke5 50.Rxb7 Ra4+ 51.Kg3 Rc2 52.Rb3 Rca2 53.Rf3 
R2a3 54.Rxa3 Rxa3+ 55.Kg4 Ra1 56.Kf3 Re1 57.Kf2 Re4 58.Kf3 Ra4 59.Kg3 Rf4 
60.Kg2 Kd4 61.Kg3 Ke3 62.Kh3 Kf3 63.Bd7 Rd4 64.Be6 Rb4 65.Bd7 Rb7 66.Kh4 
Rxd7 67.Kg5 Ke4 68.f6 Kxd5 69.Kf5 Ra7 70.Kg6 Ke4 71.f7 Rxf7 72.Kxf7 d5 0-1

[Event "29. Friedensfest-Open (AFRO-A)"]
[Site "Augsburg"]
[Date "2024.08.08"]
[Round "2.23"]
[White "Komarov, Jan"]
[Black "Brem, Stephan"]
[Result "1/2-1/2"]
[WhiteElo "1888"]
[BlackElo "2043"]
[EventDate "2024.08.08"]
[Time "15:30:00"]
[WhiteNrv "1888"]
[BlackNrv "2043"]
[WhiteTwz "1888"]
[BlackTwz "2043"]
[WhiteFideId "12959430"]
[BlackFideId "4617266"]
[WhiteNatFedId "10407248"]
[BlackNatFedId "10024047"]
[WhiteAttr "M"]
[BlackAttr "*"]
[WhiteTeam "SK Muenchen Suedost e.V."]
[BlackTeam "SK Muenchen Suedost e.V."]
[PlyCount "0"]

1.e4 b6 2.d4 Bb7 3.Bd3 Nf6 4.Nd2 e6 5.Qe2 c5 6.dxc5 Bxc5 7.Nb3 Be7 8.Nf3 
O-O 9.O-O Nc6 10.a3 Qc7 11.Nbd4 Rac8 12.Nxc6 Bxc6 13.Bd2 d5 14.e5 Ne4 15.
Bb4 Bc5 16.Bxc5 bxc5 17.c4 f6 18.cxd5 exd5 19.exf6 Rxf6 20.Nd2 Ng5 21.Qg4 
Nf7 22.Nf3 Rf8 23.Qh4 h6 24.Qg3 Qb6 25.Rab1 c4 26.Bg6 Be8 27.Bc2 d4 28.Be4
Qc5 29.Rbc1 Nd6 30.Rfe1 Nxe4 31.Rxe4 Bc6 32.Rg4 Bxf3 33.Rxg7+ Kh8 34.gxf3 
d3 35.Qc7 Qxc7 36.Rxc7 Rxf3 37.R7xc4 d2 38.Rd1 Rxf2 39.Rd4 R2f7 40.R4xd2 
Rg8+ 41.Kh1 Rb8 42.Rd8+ Rxd8 43.Rxd8+ Kg7 44.Rd4 Rb7 45.b4 Kf6 46.Rd6+ Kg5
47.Kg2 Rc7 48.Rd5+ Kg4 49.Rc5 Rd7 50.h3+ Kf4 51.Rc4+ Ke3 52.Rh4 Rd6 53.Kg3
Ra6 54.b5 Rd6 55.Ra4 Rb6 56.Rxa7 Rxb5 57.a4 Rb4 58.a5 Ke4 59.a6 Kf5 60.Rb7
Ra4 61.a7 h5 62.h4 Ra3+ 63.Kf2 Kg4 64.Rb4+ Kf5 65.Rb5+ Kg4 66.Rb4+ Kf5 67.
Rb5+ Kg4 68.Rb4+ 1/2-1/2

[Event "29. Friedensfest-Open (AFRO-A)"]
[Site "Augsburg"]
[Date "2024.08.08"]
[Round "2.24"]
[White "Seisenberger, Georg"]
[Black "Zieringer, Sebastian"]
[Result "0-1"]
[WhiteElo "2031"]
[BlackElo "1892"]
[EventDate "2024.08.08"]
[Time "15:30:00"]
[WhiteNrv "2031"]
[BlackNrv "1892"]
[WhiteTwz "2031"]
[BlackTwz "1892"]
[WhiteFideId "12903574"]
[BlackFideId "16222008"]
[WhiteNatFedId "10206064"]
[BlackNatFedId "10288090"]
[WhiteAttr "M"]
[BlackAttr "M"]
[WhiteTeam "SV Ilmmuenster"]
[BlackTeam "SK Graefelfing"]
[PlyCount "0"]

1.d4 Nf6 2.c4 e6 3.Nc3 Bb4 4.f3 O-O 5.e4 c5 6.d5 d6 7.Ne2 Re8 8.Ng3 b5 9.
Be2 bxc4 10.O-O Bxc3 11.bxc3 exd5 12.Bg5 Nbd7 13.exd5 Qa5 14.Qd2 Ba6 15.
Rfe1 Re5 16.f4 Rxd5 17.Qc2 Re8 18.Bf3 Rxe1+ 19.Rxe1 Rd3 20.Nf5 h6 21.Bh4 
Qxc3 22.Qe2 Qd2 23.Qe7 Qxf4 24.Qd8+ Kh7 25.Ne7 Qxh4 26.Be4+ g6 27.Bxg6+ 
fxg6 28.Rf1 Qd4+ 29.Kh1 Rd1 0-1

[Event "29. Friedensfest-Open (AFRO-A)"]
[Site "Augsburg"]
[Date "2024.08.08"]
[Round "2.25"]
[White "Nitsch, Markus"]
[Black "Luhn, Robert"]
[Result "0-1"]
[WhiteElo "1877"]
[BlackElo "1996"]
[EventDate "2024.08.08"]
[Time "15:30:00"]
[WhiteNrv "1877"]
[BlackNrv "1996"]
[WhiteTwz "1877"]
[BlackTwz "1996"]
[WhiteFideId "34681124"]
[BlackFideId "4683498"]
[WhiteNatFedId "10849719"]
[BlackNatFedId "10133213"]
[WhiteAttr "M"]
[BlackAttr "M"]
[WhiteTeam "SK Caissa Augsburg"]
[BlackTeam "SK Caissa Augsburg"]
[PlyCount "0"]

1.d4 d5 2.c4 c6 3.Nf3 Nf6 4.g3 h6 5.Bg2 Bf5 6.Qb3 Qb6 7.c5 Qxb3 8.axb3 
Nbd7 9.Nc3 g5 10.Nd2 Bg7 11.f3 Bc2 12.b4 e5 13.dxe5 Nxe5 14.f4 gxf4 15.
gxf4 Ng6 16.Nf3 O-O 17.Nd4 Be4 18.Nxe4 Nxe4 19.Nf5 Bf6 20.Nxh6+ Kh7 21.Nf5
Rfe8 22.Ra3 b6 23.Bxe4 Rxe4 24.cxb6 Rxb4 25.bxa7 Nxf4 26.Rg1 Ng6 27.Nd6 
Kg8 28.Ne8 Be5 29.Bg5 Rxb2 30.Nf6+ Kg7 31.h4 Bxf6 32.Bxf6+ Kxf6 0-1

[Event "29. Friedensfest-Open (AFRO-A)"]
[Site "Augsburg"]
[Date "2024.08.08"]
[Round "2.26"]
[White "Koppen, Harald"]
[Black "Nissen, Christoph"]
[Result "0-1"]
[WhiteElo "1995"]
[BlackElo "1882"]
[EventDate "2024.08.08"]
[Time "15:30:00"]
[WhiteNrv "1995"]
[BlackNrv "1882"]
[WhiteTwz "1995"]
[BlackTwz "1882"]
[WhiteFideId "12946982"]
[BlackFideId "34614320"]
[WhiteNatFedId "10271200"]
[BlackNatFedId "10154652"]
[WhiteAttr "M"]
[BlackAttr "M"]
[WhiteTeam "TUS Holzkirchen"]
[BlackTeam "SK Caissa Augsburg"]
[PlyCount "0"]

1.e4 e5 2.Nf3 Nc6 3.Bb5 a6 4.Ba4 Nf6 5.O-O Be7 6.Re1 b5 7.Bb3 O-O 8.a4 Bb7
9.d3 d6 10.c3 Na5 11.Ba2 c5 12.Nbd2 Qc7 13.b3 d5 14.Bb2 dxe4 15.dxe4 Nc6 
16.Nf1 b4 17.Qc2 Rfd8 18.Rac1 Qb6 19.Ne3 bxc3 20.Nc4 Qc7 21.Qxc3 Nd4 22.
Ncxe5 Nxe4 23.Qe3 Nxf3+ 24.Nxf3 Bd6 25.Rc4 Bf4 26.Qe2 Bxh2+ 27.Kh1 Nxf2+ 
28.Qxf2 Bg3 29.Qe3 Bxe1 30.Rg4 g6 31.Qxe1 Rd3 32.Ne5 Re8 33.Rg3 Rxg3 34.
Qxg3 f6 35.b4+ Kg7 36.bxc5 fxe5 37.Qc3 Qc6 38.Qc2 Qe4 39.Qd2 Bc6 40.Bc1 
Qh4+ 41.Kg1 Rd8 42.Qe2 Qg3 43.Bb2 Rd1+ 44.Qxd1 Qxg2# 0-1

[Event "29. Friedensfest-Open (AFRO-A)"]
[Site "Augsburg"]
[Date "2024.08.08"]
[Round "2.27"]
[White "Weil, Volker"]
[Black "Gleiser, Maximilian"]
[Result "1-0"]
[WhiteElo "1977"]
[BlackElo "1854"]
[EventDate "2024.08.08"]
[Time "15:30:00"]
[WhiteNrv "1977"]
[BlackNrv "1854"]
[WhiteTwz "1977"]
[BlackTwz "1854"]
[WhiteFideId "4612949"]
[BlackFideId "533001596"]
[WhiteNatFedId "10237275"]
[WhiteAttr "*"]
[BlackAttr "M"]
[WhiteTeam "SV Lahn Limburg"]
[BlackTeam "?"]
[PlyCount "0"]

1.d4 d5 2.Nf3 Nf6 3.Bf4 c5 4.e3 e6 5.Nbd2 Nc6 6.c3 Bd6 7.Bg3 Bxg3 8.hxg3 
cxd4 9.exd4 Qc7 10.Bd3 h6 11.Qe2 a6 12.O-O O-O 13.Ne5 Nxe5 14.dxe5 Nd7 15.
Nf3 f5 16.exf6 Rxf6 17.c4 Nb6 18.cxd5 Nxd5 19.Qe4 g5 20.Rac1 Qg7 21.Rfe1 
Bd7 22.Ne5 Raf8 23.f3 b5 24.Rc5 Rc8 25.Nxd7 Rxc5 26.Nxc5 Qc7 27.Nxe6 Qb6+ 
28.Kh2 Qb7 29.Nc5 Qf7 30.Qe8+ Qxe8 31.Rxe8+ Kf7 32.Rd8 Nb4 33.Be4 Nxa2 34.
Bd5+ Ke7 35.Rd7+ Ke8 36.Bxa2 Rc6 37.Bf7+ 1-0

[Event "29. Friedensfest-Open (AFRO-A)"]
[Site "Augsburg"]
[Date "2024.08.08"]
[Round "2.28"]
[White "Yin, Stanley"]
[Black "Sitzler, Matthias"]
[Result "1-0"]
[WhiteElo "1975"]
[BlackElo "1838"]
[EventDate "2024.08.08"]
[Time "15:30:00"]
[WhiteNrv "1975"]
[BlackNrv "1838"]
[WhiteTwz "1975"]
[BlackTwz "1838"]
[WhiteFideId "24622729"]
[BlackFideId "12981079"]
[WhiteNatFedId "10248263"]
[WhiteAttr "M"]
[BlackAttr "M"]
[WhiteTeam "SC Thallichtenberg"]
[BlackTeam "vereinslos"]
[PlyCount "0"]

1.b4 f5 2.c4 Nf6 3.Bb2 e6 4.b5 a6 5.a4 axb5 6.axb5 Rxa1 7.Bxa1 b6 8.Nf3 
Bb7 9.e3 d6 10.Nd4 Kf7 11.Rg1 Nbd7 12.Be2 Nc5 13.Nc3 g6 14.Nf3 h6 15.d4 
Nce4 16.Nxe4 Bxe4 17.Nd2 Bg7 18.Nxe4 Nxe4 19.g3 Qa8 20.Kf1 Qa2 21.f3 Nf6 
22.Kf2 Ra8 23.Bc3 Ra3 24.Qd3 Qb3 25.Rc1 e5 26.dxe5 dxe5 27.Qd8 e4 28.Qxc7+
Kg8 29.Bd4 exf3 30.Kxf3 g5 31.Qc8+ Bf8 32.Qxf5 g4+ 33.Kf2 1-0

[Event "29. Friedensfest-Open (AFRO-A)"]
[Site "Augsburg"]
[Date "2024.08.08"]
[Round "2.29"]
[White "Glaab, Nikolai"]
[Black "Franke, Maximilian"]
[Result "0-1"]
[WhiteElo "1959"]
[BlackElo "1834"]
[EventDate "2024.08.08"]
[Time "15:30:00"]
[WhiteNrv "1959"]
[BlackNrv "1834"]
[WhiteTwz "1959"]
[BlackTwz "1834"]
[WhiteFideId "34614311"]
[BlackFideId "16271114"]
[WhiteNatFedId "10743024"]
[BlackNatFedId "10053132"]
[WhiteAttr "M"]
[BlackAttr "M"]
[WhiteTeam "SK Koenigsbrunn"]
[BlackTeam "SC Bavaria Regensburg vo"]
[PlyCount "0"]

1.e4 c5 2.Nf3 Nc6 3.Bb5 Nf6 4.e5 Nd5 5.O-O g6 6.Re1 Bg7 7.c3 O-O 8.d4 cxd4
9.cxd4 Nc7 10.Bf1 d6 11.Bf4 dxe5 12.dxe5 Qxd1 13.Rxd1 Bg4 14.Re1 Bxf3 15.
gxf3 Nd4 16.Nc3 Nxf3+ 17.Kg2 Nxe1+ 18.Rxe1 Ne6 19.Bg3 Rfd8 20.Bc4 Rd2 21.
Rb1 Nc5 22.e6 Nxe6 23.Bxe6 fxe6 24.a4 Rc8 25.Ne4 Rxb2 26.Rd1 Rb4 27.Ng5 
Rxa4 28.Nxe6 Bf6 29.Nc7 Rc4 30.Nd5 b5 31.Nxf6+ exf6 0-1